| 000 | 01194nam0a2200349 4500 | ||
|---|---|---|---|
| 001 | RU\NLR\bibl\381185 | ||
| 005 | 20250622153647.0 | ||
| 010 |
_a5-699-00900-0 _97000 |
||
| 021 |
_aRU _b2002-63832 _93102 |
||
| 035 | _a(NLR Aleph) 000375590 | ||
| 090 |
_a423007 _c423007 |
||
| 100 | _a20030220d2002 |||y0rusy50 ca | ||
| 101 | 1 |
_arus _ceng |
|
| 102 | _aRU | ||
| 105 | _aa ||||||||| | ||
| 200 | 1 |
_aБодибилдинг для всех _eЭффектив. упражнения для гармонич. развития всех групп мышц вашего тела _e[Пер. с англ.] _fПер Тесч |
|
| 210 |
_aМ. _cЭКСМО _d2002 |
||
| 215 |
_a154,[1] с. _cил. _d26 |
||
| 606 | 0 |
_aАтлетическая гимнастика _91033414 _3RU\NLR\auth\6678999 |
|
| 610 | 0 | _aБодибилдинг | |
| 610 | 0 | _aГимнастика атлетическая | |
| 675 |
_a796.894 _v3 _zrus |
||
| 686 |
_a77 _2rugasnti |
||
| 686 |
_a75.1 _2rubbk |
||
| 686 | _aЧ516.911 | ||
| 700 | 1 |
_aТесч _bП. _gПер _4070 |
|
| 801 | 0 |
_aRU _bRKP _c20030220 _gPSBO |
|
| 801 | 1 |
_aRU _bRKP _c20030220 |
|
| 801 | 2 |
_aRU _bNLR _c20030409 _grcr |
|
| 942 | _cBOOK | ||
| 980 | _aNB | ||